zpět

Detail výsledku týmu

Pardubický Pub ČT, Pardubice

Datum a čas kvízu

23.5 Celkem bodů Celkový počet nahraných bodů na tomto kvízu bez doplňovacích otázek.
8. Pořadí na kvízu Konečné umístění týmu na tomto kvízu.

Zaznamenané odpovědi

# Otázka Odpověď Body Výsledky
1. Které novinářské ocenění si v... Cenu Ferdinanda Peroutky 0
2. Jeden americký stát zasáhla vl... Florida 0
3. V noci z neděle na pondělí byl... Bad Bunny; Kendrick Lamar 0.5
4. Která fiktivní postava z fanta... B) Draco Malfoy 0
5. V pátek byly zahájeny zimní ol... David Pastrňák; Lucie Charvátová 0.5
6. 17. února 1600 byl na Campo de... Giordano Bruno 1
7. 1. ledna 1700 jeden ruský car... Petr I. Veliký 0
8. Za kulatý letopočet budeme dne... Burgtheater 0
9. 19. března 1900 se v Paříži na... Frédéric Joliot-Curie 0
10. Od 15. září do 1. října 2000 s... Štěpánka Hilgertová; Sydney 1